| 000 | 00368nam a2200157Ia 4500 | ||
|---|---|---|---|
| 008 | 221030s9999 xx 000 0 und d | ||
| 020 | _a8187325054 | ||
| 041 | _aEnglish | ||
| 082 |
_a105.23 _bSah |
||
| 100 | _aG. Sahoo | ||
| 245 | 0 |
_aFox Pro Projects _cby G. Sahoo |
|
| 260 |
_bKhanna Pub. _aNew Delhi _c2000 |
||
| 300 | _a821 | ||
| 650 | _aBE Computer | ||
| 942 | _cBK | ||
| 999 |
_c7268 _d7268 |
||